ℓtomos, almas y estrellas estudios sobre la ciencia griega /

Bibliographic Details
Main Author: Gonzl̀ez Recio, Jos ̌Luis (ed.)
Format: Book
Language:Spanish
Published: [Madrid] : Plaza y Valdš, 2007
Subjects:
Online Access:Acceso restringido

MARC

LEADER 00000nam a2200000 a 4500
005 20130711174650.0
007 cr|||| ||||
008 080514s2007 sp a || 000 ||spa|c
017 |a DL Se. 4829-2007 
020 |a 9788496780231 
035 |a 11416 
040 |a vLex 
090 |c 4433  |d 4433 
100 1 |a Gonzl̀ez Recio, Jos ̌Luis 
245 0 0 |a ℓtomos, almas y estrellas   |h [Recurso electrn̤ico] :  |b estudios sobre la ciencia griega /  |c Jos ̌Luis Gonzl̀ez Recio (editor) 
256 |a Servicio en ln̕ea 
260 |a [Madrid] :  |b Plaza y Valdš,  |c 2007 
300 |a 1 recurso electrn̤ico 
504 |a Referencias bibliogrf̀icas 
506 1 |a Contenido solo disponible en los productos indicados  |d vLex Global  |d vLex Global (Academic Edition, excluding Law Schools)  |d vLex Global (U.S. Academic Edition, Law Schools)  |d vLex Global (U.S. Academic Edition, excluding Law Schools)  |d vLex Global (Academic Edition, Law Schools) 
650 0 4 |a Ciencia antigua 
651 4 |a Grecia 
700 1 |a Gonzl̀ez Recio, Jos ̌Luis,  |e ed. 
740 0 |a vLex Libros (Servicio en ln̕ea) 
856 4 0 |u http://vlex.com/source/atomos-almas-estrellas-11416  |z Acceso restringido 
942 |c BOOK 
999 0 |a Science, Ancient